Island Nations Challenge - Statistics

General Stats
  • This quiz has been taken 32 times
  • The average score is 45 of 48
Answers on the Map
Answers color-coded by a green-red scale on the quiz's map according to % correct below.
 
Answer Stats
% Correct
100%
100%
100%
100%
100%
100%
100%
100%
100%
96%
96%
96%
96%
96%
96%
96%
96%
96%
96%
96%
96%
96%
96%
96%
96%
96%
96%
96%
96%
92%
92%
92%
92%
92%
92%
92%
92%
92%
92%
92%
88%
88%
88%
88%
88%
88%
84%
84%
No matching quizzes found
Score Distribution
Percent of People with Each Score
Percentile by Number Answered
Your Score History
You have not taken this quiz